| 000 | 003970000a22001570004500 | ||
|---|---|---|---|
| 001 | 003431 | ||
| 003 | MACL | ||
| 040 | _aMACL | ||
| 090 |
_c15424 _d15423 |
||
| 100 | _aPrasad, Murai Ed | ||
| 245 |
_aVikram Seth's, A Suitable Boy _bAn Anthology of Recent Criticism _cMurai Ed Prasad |
||
| 260 |
_aPencraft International, _c2005 |
||
| 350 | _a400 | ||
| 650 | _aGeneral Collection | ||
| 942 |
_k80 _cBook |
||
| 999 |
_c15332 _d15332 |
||